| 000 | 05912nam a22007695i 4500 | ||
|---|---|---|---|
| 001 | 978-3-032-09716-3 | ||
| 003 | DE-He213 | ||
| 005 | 20260304123945.0 | ||
| 007 | cr nn 008mamaa | ||
| 008 | 251226s2025 sz | s |||| 0|eng d | ||
| 020 |
_a9783032097163 _9978-3-032-09716-3 |
||
| 024 | 7 |
_a10.1007/978-3-032-09716-3 _2doi |
|
| 050 | 4 | _aK4240-4343 | |
| 072 | 7 |
_aLNJ _2bicssc |
|
| 072 | 7 |
_aLAW000000 _2bisacsh |
|
| 072 | 7 |
_aLNJ _2thema |
|
| 082 | 0 | 4 |
_a343.099 _223 |
| 245 | 1 | 0 |
_aEmerging Legal Frontiers in Insurance _h[electronic resource] : _bDigital Transformation, Cross-Border Challenges, and Market Innovation / _cedited by Pierpaolo Marano. |
| 250 | _a1st ed. 2025. | ||
| 264 | 1 |
_aCham : _bSpringer Nature Switzerland : _bImprint: Springer, _c2025. |
|
| 300 |
_aVIII, 216 p. 3 illus. _bonline resource. |
||
| 336 |
_atext _btxt _2rdacontent |
||
| 337 |
_acomputer _bc _2rdamedia |
||
| 338 |
_aonline resource _bcr _2rdacarrier |
||
| 341 | 0 |
_bPDF/UA-1 _2onix |
|
| 341 | 0 |
_bTable of contents navigation _2onix |
|
| 341 | 0 |
_bSingle logical reading order _2onix |
|
| 341 | 0 |
_bShort alternative textual descriptions _2onix |
|
| 341 | 0 |
_bUse of color is not sole means of conveying information _2onix |
|
| 341 | 0 |
_bUse of high contrast between text and background color _2onix |
|
| 341 | 0 |
_bNext / Previous structural navigation _2onix |
|
| 341 | 0 |
_bAll non-decorative content supports reading without sight _2onix |
|
| 347 |
_atext file _bPDF _2rda |
||
| 490 | 1 |
_aAIDA Europe Research Series on Insurance Law and Regulation, _x2662-1789 ; _v16 |
|
| 505 | 0 | _aPart I — Digital Realities and Technological Disruptions in Insurance Law -- 1. The Legal Challenges Surrounding Transactions in the Metaverse: The Case of Insurance -- 2. Bringing Trustworthy Robo-Advisers into the Insurance Distribution Process: An Accountability Perspective -- 3. Chinese Perspective on Representation Duty in Blockchain-Based Insurance -- 4.The Impact of Copyright Law on Insurance Distribution: The Development of the Insurance Market within Economic Efficiency/Inefficiency of Copyright Monopolies -- Part II — Jurisdictional Perspectives and Cross-Border Insurance Market Dynamics -- 5. Cross-Border (Life) Insurance Business: A Constant Goal with (Almost) Impossible Legal Obstacles -- 6. Group Insurance in Comparative Perspective: Ensuring Fairness, Efficiency, and Beyond -- 7. Legal and Economic Aspects of Co-operation of Insurance Brokers: The Polish Case -- 8. The Importance of EU Soft Law in Insurance Distribution: The Case of Poland. | |
| 506 | 0 | _aOpen Access | |
| 520 | _aThis open access book offers a forward-looking analysis of how digital disruption and cross-border dynamics are reshaping insurance law. Further, it shares legal and regulatory insights into the challenges posed by new technologies and evolving market structures. The first section explores digital realities—from insurance in the metaverse and robo-advisers to blockchain-based duties and the role of copyright law in digital distribution. In turn, the second section discusses jurisdictional and cross-border issues, including barriers to life insurance passporting, fairness in group insurance, brokers co-opetition, and the influence of EU soft law on national markets. These topics are highly relevant, as they reflect the real-world pressures on legal systems to adapt to innovation while maintaining fairness, accountability, and coherence. The book addresses the regulatory and legal gaps emerging from this transformation, helping readers navigate the resulting complexities and uncertainties. Given its scope, it will be of interest to legal scholars, regulators, practitioners, and advanced students in the fields of insurance law, financial regulation, and digital governance. | ||
| 532 | 8 | _aAccessibility summary: This PDF has been created in accordance with the PDF/UA-1 standard to enhance accessibility, including screen reader support, described non-text content (images, graphs), bookmarks for easy navigation, keyboard-friendly links and forms and searchable, selectable text. We recognize the importance of accessibility, and we welcome queries about accessibility for any of our products. If you have a question or an access need, please get in touch with us at accessibilitysupport@springernature.com. Please note that a more accessible version of this eBook is available as ePub. | |
| 532 | 8 | _aNo reading system accessibility options actively disabled | |
| 532 | 8 | _aPublisher contact for further accessibility information: accessibilitysupport@springernature.com | |
| 650 | 0 |
_aInformation technology _xLaw and legislation. _9479 |
|
| 650 | 0 |
_aMass media _xLaw and legislation. _9480 |
|
| 650 | 0 |
_aPrivate international law. _9482 |
|
| 650 | 0 |
_aConflict of laws. _9483 |
|
| 650 | 0 |
_aInternational law. _9484 |
|
| 650 | 0 |
_aComparative law. _9485 |
|
| 650 | 0 | _aCommercial law. | |
| 650 | 0 |
_aEuropean Economic Community. _96601 |
|
| 650 | 0 |
_aFinance _xLaw and legislation. |
|
| 650 | 1 | 4 |
_aIT Law, Media Law, Intellectual Property. _9488 |
| 650 | 2 | 4 |
_aPrivate International Law, International and Foreign Law, Comparative Law. _9490 |
| 650 | 2 | 4 |
_aEuropean Economic Law. _96608 |
| 650 | 2 | 4 | _aFinancial Law. |
| 700 | 1 |
_aMarano, Pierpaolo. _eeditor. _4edt _4http://id.loc.gov/vocabulary/relators/edt _96612 |
|
| 710 | 2 | _aSpringerLink (Online service) | |
| 773 | 0 | _tSpringer Nature eBook | |
| 776 | 0 | 8 |
_iPrinted edition: _z9783032097156 |
| 776 | 0 | 8 |
_iPrinted edition: _z9783032097170 |
| 776 | 0 | 8 |
_iPrinted edition: _z9783032097187 |
| 830 | 0 |
_aAIDA Europe Research Series on Insurance Law and Regulation, _x2662-1789 ; _v16 _96614 |
|
| 856 | 4 | 0 | _uhttps://doi.org/10.1007/978-3-032-09716-3 |
| 912 | _aZDB-2-LCR | ||
| 912 | _aZDB-2-SXLC | ||
| 912 | _aZDB-2-SOB | ||
| 999 |
_c579774 _d579774 |
||